Fundamentos y posibilidades de la econometría / (Registro nro. 5364)

Detalles MARC
000 -LEADER
fixed length control field 00631nam a2200217Ia 4500
003 - CONTROL NUMBER IDENTIFIER
control field OSt
005 - DATE AND TIME OF LATEST TRANSACTION
control field 20200610151317.0
008 - FIXED-LENGTH DATA ELEMENTS--GENERAL INFORMATION
fixed length control field 191128t1976 sp fr 001 0 spa d
020 ## - INTERNATIONAL STANDARD BOOK NUMBER
International Standard Book Number 8434429020
040 ## - CATALOGING SOURCE
Original cataloging agency CO-JMCR
Transcribing agency CO-JMCR
041 0# - LANGUAGE CODE
Language code of text/sound track or separate title spa
082 04 - DEWEY DECIMAL CLASSIFICATION NUMBER
Classification number 330.015195 /
Item number B171f
Edition number 23
100 1# - MAIN ENTRY--PERSONAL NAME
Personal name Barbancho, Alfonso G.,
Relator term autor
9 (RLIN) 5416
245 10 - TITLE STATEMENT
Title Fundamentos y posibilidades de la econometría /
Statement of responsibility, etc. Alfonso G. Barbancho
250 ## - EDITION STATEMENT
Edition statement 4a. edición
260 ## - PUBLICATION, DISTRIBUTION, ETC.
Place of publication, distribution, etc. Barcelona :
Name of publisher, distributor, etc. Ariel,
Date of publication, distribution, etc. ©1976
300 ## - PHYSICAL DESCRIPTION
Extent 219 páginas ;
Dimensions 21 cm.
500 ## - GENERAL NOTE
General note Incluye índice de autores.
650 14 - SUBJECT ADDED ENTRY--TOPICAL TERM
Topical term or geographic name entry element Econometría
9 (RLIN) 5417
942 ## - ADDED ENTRY ELEMENTS (KOHA)
Source of classification or shelving scheme Dewey Decimal Classification
Koha item type Books
Existencias
Withdrawn status Lost status Source of classification or shelving scheme Damaged status Not for loan Collection code Home library Current library Date acquired Source of acquisition Cost, normal purchase price Total Checkouts Full call number Barcode Date last seen Copy number Koha item type
    Dewey Decimal Classification     Non-fiction Biblioteca Pública José María del Castillo y Rada Biblioteca Pública José María del Castillo y Rada 04/15/2018 Donación 0.00   330.015195 / B171f 430001762 05/16/2024 Ej.1 Books